000 00160nam a2200061Ia 4500
999 _c10422
_d10422
003 OSt
005 20221125104516.0
008 170523s9999 xx 000 0 und d
040 _cIIMT
100 _aRAMAN M
245 0 _aTECHNICAL COMMUNICATION
260 _aNEW DELHI
_bOXFORD
_c2011
300 _a665
942 _2ddc
_c02